| 000 | 00652nac a22002171u 4500 | ||
|---|---|---|---|
| 010 | _a 66013499 | ||
| 082 | 0 | 0 |
_a297 _bF298 |
| 090 |
_c2958 _d2958 |
||
| 100 | _aRahman, Fazlur, | ||
| 245 | 1 | 0 | _aIslam. |
| 250 | _a[1st ed.] | ||
| 260 |
_aNew York, _bAnchor Books, _c[c1966] |
||
| 300 |
_axi, 271 p. _billus. _c25 cm. |
||
| 490 | 0 | _aHistory of religion series | |
| 500 | _aDonations. | ||
| 500 | _aDonations - Dr. Mostafa Gouda. | ||
| 504 | _aBibliography: p. 261-265. | ||
| 650 | 0 | _aIslam. | |
| 942 |
_cBB _k297F298 |
||
| 999 |
_c2958 _d2958 |
||